LEADER 01044nam a2200265 i 4500 001 000000159777 003 CaOOAMICUS 005 20200428110849.0 008 070317s2006 it u000 u ita u 013 $a137140 020 $a88-7018-572-9 040 $aSeMil$bita 245 10$aHeidegger a Marburgo (1923-1928) /$ca cura di Eugenio Mazzarella. 264 1$aGenova :$bIl melangolo,$c2006. 300 $a367 p. ;$c21 cm. 600 14$aHeidegger, Martin <1889-1976>.$0(OLS)http://semarc/subject/986 700 1 $aMazzarella, Eugenio <1951- >.$0(OLS)http://semarc/name/2679 830 0$aOpera ;$v30.$0(OLS)http://semarc/title/862 850 $aSeMil 852 $aSeMil$W1$xVenegono$y1$m70 3 30 *$j111301$B111301$CSeMilBibl$Z2$F121033 $81 961 $aAcquisto: Āncora (Libreria) 996 $6020$a88-7018-572-9$9(OLS)http://semarc/number/75431 996 $6245$aHeidegger a Marburgo (1923-1928)$9(OLS)http://semarc/title/142007 996 $6264$aGenova :$bIl melangolo$9(OLS)http://semarc/publisher/30063 LEADER 01207nam a2200289 i 4500 001 000000072743 003 CaOOAMICUS 005 20110428000000.0 008 110428s1998 it u000 u ita u 013 $a43915 020 $a88-420-5346-5 040 $aSeMil$bita 100 1 $aFrugoni, Arsenio,$d<1914-1970>.$0(OLS)http://semarc/name/9508 245 10$aStoria di un giorno in una cittā medievale /$cArsenio e Chiara Frugoni. 250 $a3. ed. 260 $aRoma ;$aBari :$bGLF editori Laterza,$c1998 (copyr. 1997) 300 $a212 p. :$bill. a colori ;$c25 cm. 490 0 $aGrandi opere 650 4$aEuropa - Storia sociale.$0(OLS)http://semarc/subject/5803 700 1 $aFrugoni, Chiara,$d<1940-2022>.$0(OLS)http://semarc/name/33091 830 0$aGrandi opere.$0(OLS)http://semarc/title/11202 850 $aSeMil 852 $aSeMil$W1$xVenegono$y1$m3WA VI 21$j38896$B38896$CSeMilBibl$Z2$F38899 $81 961 $aAcquisto: Cittā Nuova 996 $6020$a88-420-5346-5$9(OLS)http://semarc/number/52095 996 $6245$aStoria di un giorno in una cittā medievale$9(OLS)http://semarc/title/117360 996 $6260$aRoma ;$aBari :$bGLF editori Laterza$9(OLS)http://semarc/publisher/37788